|
|
|
|
| LEADER |
00804nam a2200217 i 4500 |
| 001 |
c000129170 |
| 003 |
CARM |
| 005 |
00000000000000.0 |
| 008 |
841207s1943 00000 eng d |
| 019 |
1 |
|
|a 10224786
|5 LACONCORD2021
|
| 035 |
|
|
|a (OCoLC)221666853
|5 LACONCORD2021
|
| 100 |
1 |
|
|a Henry, Madeleine.
|
| 245 |
1 |
2 |
|a A Journey to Gibraltar /
|c by Robert Henrey, <pseud. of M.H.>.
|
| 260 |
|
|
|a Lond. :
|b Dent,
|c 1943.
|
| 300 |
|
|
|a 169p. :
|b Illus. maps ;
|c 22 cm.
|
| 500 |
|
|
|a <Maps on end-papers.>.
|
| 651 |
|
0 |
|a Gibraltar
|x Description and travel.
|
| 852 |
8 |
|
|b CARM
|h A2:AE12F0
|i B01011
|p 0054227
|f BK
|
| 082 |
0 |
|
|a 914.689
|
| 999 |
f |
f |
|i c6d235b0-a50b-509a-93e1-bab72478ecaf
|s 3daccb08-b108-5405-8ba8-4fabc5ea8811
|
| 952 |
f |
f |
|p Can circulate
|a CAVAL
|b CAVAL
|c CAVAL
|d CARM 1 Store
|e B01011
|f A2:AE12F0
|h Other scheme
|i book
|m 0054227
|